000 01158cam a2200289 a 4500
001 3052805
003 OSt
005 20150527175313.0
008 960528s1997 nyua b 001 0 eng
010 _a 96025447
020 _a0387948309 (New York : pbk. : acid-free paper)
040 _aDLC
_cDLC
_dDLC
050 0 0 _aQA325
_b.T39 1997
082 0 0 _a519.2
_220
_bTAY 1998
100 1 _aTaylor, J. C.
_q(John Christopher),
_d1936-
_95034
245 1 3 _aAn introduction to measure and probability /
_cJ.C. Taylor.
260 _aNew York :
_bSpringer,
_c1997.
300 _axvii, 299 p. :
_bill. ;
_c24 cm.
504 _aIncludes bibliographical references (p. 291-292) and index.
650 0 _aMeasure theory.
_92819
650 0 _aProbabilities.
_92821
856 4 2 _3Publisher description
_uhttp://www.loc.gov/catdir/enhancements/fy0815/96025447-d.html
856 4 1 _3Table of contents only
_uhttp://www.loc.gov/catdir/enhancements/fy0815/96025447-t.html
906 _a7
_bcbc
_corignew
_d1
_eocip
_f19
_gy-gencatlg
942 _2ddc
_cSLOAN
999 _c1914
_d1914